[Event "Edmonton Northern Alberta op"]
[Site "Edmonton"]
[Date "2014.02.15"]
[Round "2.11"]
[White "Pradzinski, Tim"]
[Black "Stainer, Joel"]
[Result "1/2-1/2"]
[WhiteElo "1951"]
[BlackElo "1604"]
[PlyCount "131"]
[EventDate "2014.02.15"]
[EventType "swiss"]
[EventRounds "5"]
[EventCountry "CAN"]
[SourceTitle "EXT 2022"]
[Source "ChessBase"]
[SourceDate "2021.10.06"]
[SourceVersion "1"]
[SourceVersionDate "2021.10.06"]
[SourceQuality "1"]

1. e4 c6 2. Nf3 d5 3. exd5 cxd5 4. d4 Bg4 5. Be2 Nf6 6. 0-0 e6 7. Be3 Nc6 8. Nbd2 Rc8 9. Rc1 Be7 10. h3 Bh5 11. Ne5 Bxe2 12. Qxe2 Nd7 13. Nxc6 Rxc6 14. c4 dxc4 15. Rxc4 Rxc4 16. Nxc4 Nf6 17. Qc2 0-0 18. Rc1 Nd5 19. a3 Bf6 20. Qe4 Qe7 21. Ne5 Rd8 22. Rc5 Bxe5 23. Qxe5 Qd7 24. Qe4 Ne7 25. b4 h6 26. Rc1 Rc8 27. Rxc8+ Qxc8 28. b5 Qd7 29. a4 Qd5 30. Qf4 Qa2 31. Qb8+ Kh7 32. Qxa7 Qb1+ 33. Kh2 Qe4 34. Qc5 Ng6 35. Qh5 f5 36. Qf3 Qc2 37. g3 Qc7 38. Bf4 Qd7 39. Be5 Nxe5 40. dxe5 Qd4 41. Qf4 Qd1 42. h4 Qf1 43. Qf3 Qe1 44. Kg2 b6 45. Qe3 Qb4 46. Qxb6 Qe4+ 47. f3 Qxa4 48. Qc5 Qa2+ 49. Qf2 Qd5 50. b6 Qxe5 51. Kh3 Qb5 52. Kg2 g5 53. hxg5 hxg5 54. Kh3 Kg6 55. g4 Kf6 56. gxf5 Qxf5+ 57. Kg2 Qb5 58. Qd4+ e5 59. Qd8+ Kg6 60. Qg8+ Kf6 61. Qf8+ Kg6 62. Qd6+ Kf5 63. Qf8+ Kg6 64. Qg8+ Kf6 65. Qh8+ Kg6 66. Qg8+ 1/2-1/2

[Event "Edmonton Northern Alberta op"]
[Site "Edmonton"]
[Date "2014.02.15"]
[Round "3.6"]
[White "Stainer, Joel"]
[Black "Karmali, Hafiz"]
[Result "0-1"]
[WhiteElo "1604"]
[BlackElo "2039"]
[PlyCount "104"]
[EventDate "2014.02.15"]
[EventType "swiss"]
[EventRounds "5"]
[EventCountry "CAN"]
[SourceTitle "EXT 2022"]
[Source "ChessBase"]
[SourceDate "2021.10.06"]
[SourceVersion "1"]
[SourceVersionDate "2021.10.06"]
[SourceQuality "1"]

1. d4 Nf6 2. Nf3 d5 3. e3 g6 4. c4 c6 5. Nc3 Bg7 6. Bd3 0-0 7. Ne5 Ne8 8. f4 f6 9. Nxg6 hxg6 10. Bxg6 f5 11. Qh5 Nf6 12. Qg5 dxc4 13. Bxf5 Bxf5 14. Qxf5 Qd7 15. Qc2 Na6 16. Qa4 Qe6 17. Bd2 Nd5 18. Qxc4 Nxf4 19. Qxe6+ Nxe6 20. a3 Nac7 21. h4 Rad8 22. Ne4 Nd5 23. Ke2 Nf6 24. Nxf6+ exf6 25. g4 Rfe8 26. Kf2 c5 27. Rag1 cxd4 28. exd4 Nxd4 29. Bc3 Ne2 30. Re1 Nxc3 31. Rxe8+ Rxe8 32. bxc3 Rc8 33. Rc1 Rc4 34. Kg3 f5 35. gxf5 Rxc3+ 36. Rxc3 Bxc3 37. Kf4 b5 38. Ke4 Bb2 39. a4 bxa4 40. Kd3 Kf7 41. Kc2 a3 42. Kb3 Kf6 43. h5 Kxf5 44. Ka2 Kg5 45. Kb1 Kxh5 46. Ka2 Kg4 47. Kb1 Kf3 48. Ka2 Ke3 49. Kb1 Kd3 50. Ka2 Kc3 51. Kb1 Kb4 52. Ka2 Be5 0-1

[Event "Swiss-549.2.05"]
[Site "IECC email"]
[Date "2010.07.26"]
[Round "?"]
[White "Plunkett, Louis"]
[Black "Stainer, Joel"]
[Result "1-0"]
[WhiteElo "1676"]
[BlackElo "1347"]
[PlyCount "47"]
[EventDate "2010.??.??"]
[EventType "tourn (corr)"]
[SourceTitle "Telechess CBM 145"]
[Source "Chessbase"]
[SourceDate "2011.11.11"]
[SourceVersion "1"]
[SourceVersionDate "2011.11.11"]
[SourceQuality "1"]
[WhiteTeam "Ireland"]
[BlackTeam "Canada"]
[WhiteTeamCountry "IRL"]
[BlackTeamCountry "CAN"]

1. d4 d5 2. c4 c6 3. Nf3 Nf6 4. Nc3 dxc4 5. e4 b5 6. e5 Nd5 7. a4 e6 8. axb5 Nxc3 9. bxc3 cxb5 10. Ng5 Bb7 11. Qh5 g6 12. Qh3 Be7 13. Nf3 0-0 14. Bh6 Re8 15. Be2 Bd5 16. 0-0 Nc6 17. Bd2 a5 18. Qg3 b4 19. h4 b3 20. Bc1 a4 21. h5 a3 22. hxg6 fxg6 23. Bg5 b2 24. Ra2 1-0

[Event "Trumpeter Classic op"]
[Site "Grande Prairie"]
[Date "2010.01.31"]
[Round "5"]
[White "Daher, Nayef"]
[Black "Stainer, Joel"]
[Result "1-0"]
[WhiteElo "1714"]
[BlackElo "1516"]
[PlyCount "45"]
[EventDate "2010.01.30"]
[EventType "swiss"]
[EventRounds "5"]
[EventCountry "CAN"]
[SourceTitle "EXT 2011"]
[Source "ChessBase"]
[SourceDate "2010.11.26"]
[SourceVersion "1"]
[SourceVersionDate "2010.11.26"]
[SourceQuality "1"]

1. e4 d5 2. exd5 Nf6 3. Bb5+ Bd7 4. Bc4 Bg4 5. Nf3 Nxd5 6. Nc3 e6 7. Qe2 Nf4 8. Qe4 Nxg2+ 9. Kd1 h5 10. h3 Bf5 11. Qxb7 Nd7 12. Bb5 Bd6 13. Bxd7+ Kxd7 14. Nd4 Qg5 15. Qc6+ Ke7 16. Nxf5+ exf5 17. d3 Qg6 18. Nd5+ Ke6 19. Nxc7+ Ke7 20. Nxa8 h4 21. Qb7+ Ke6 22. Nc7+ Bxc7 23. Qxc7 1-0

[Event "Trumpeter Classic op"]
[Site "Grande Prairie"]
[Date "2010.01.31"]
[Round "4"]
[White "Stainer, Joel"]
[Black "Johnson, Dean"]
[Result "0-1"]
[WhiteElo "1516"]
[BlackElo "1827"]
[PlyCount "38"]
[EventDate "2010.01.30"]
[EventType "swiss"]
[EventRounds "5"]
[EventCountry "CAN"]
[SourceTitle "EXT 2011"]
[Source "ChessBase"]
[SourceDate "2010.11.26"]
[SourceVersion "1"]
[SourceVersionDate "2010.11.26"]
[SourceQuality "1"]

1. d4 d5 2. Nf3 Nf6 3. e3 Bf5 4. c4 dxc4 5. Bxc4 e6 6. 0-0 Nbd7 7. Nbd2 Bd6 8. b3 0-0 9. Bb2 Re8 10. Re1 Bg4 11. Qc2 e5 12. Bd3 Bxf3 13. gxf3 exd4 14. Bxd4 Be5 15. Bxe5 Nxe5 16. Bf5 g6 17. Be4 Nxe4 18. fxe4 c6 19. f4 Qxd2 0-1

[Event "IECC CL6-2009.29 email"]
[Site "IECC email"]
[Date "2009.12.16"]
[Round "?"]
[White "Stainer, Joel"]
[Black "Bearce, Harold L"]
[Result "1-0"]
[WhiteElo "1365"]
[BlackElo "1155"]
[PlyCount "39"]
[EventDate "2009.??.??"]
[EventType "tourn (corr)"]
[EventRounds "4"]
[SourceTitle "Telechess CBM 137"]
[Source "ChessBase"]
[SourceDate "2010.07.15"]
[SourceVersion "1"]
[SourceVersionDate "2010.07.15"]
[SourceQuality "1"]
[WhiteTeam "Canada"]
[BlackTeam "US of America"]
[WhiteTeamCountry "CAN"]
[BlackTeamCountry "USA"]

1. e4 c6 2. Bc4 Nf6 3. e5 Nd5 4. Bxd5 cxd5 5. d4 e6 6. Nc3 Nc6 7. a3 d6 8. f4 Be7 9. Nf3 dxe5 10. fxe5 0-0 11. 0-0 Qb6 12. Na4 Qc7 13. b4 a6 14. Nc5 b5 15. Qd3 f6 16. exf6 Bxf6 17. Bg5 Bd7 18. Bxf6 Rxf6 19. Ng5 Raf8 20. Qxh7# 1-0

[Event "IECC P email"]
[Site "IECC email"]
[Date "2000.09.25"]
[Round "?"]
[White "Stainer, Joel"]
[Black "Nagley, Tim"]
[Result "0-1"]
[WhiteElo "1445"]
[BlackElo "2025"]
[PlyCount "50"]
[EventDate "2000.??.??"]
[EventType "tourn (corr)"]
[EventRounds "6"]
[SourceTitle "Corr 2008"]
[Source "ChessBase"]
[SourceDate "2008.06.24"]
[SourceVersion "1"]
[SourceVersionDate "2008.06.24"]
[SourceQuality "1"]

1. e4 e5 2. Nf3 Nc6 3. Bc4 Bc5 4. 0-0 d6 5. c3 Qf6 6. d3 h6 7. b4 Bb6 8. a4 a6 9. a5 Ba7 10. Nbd2 Nge7 11. Bb2 0-0 12. Re1 Ng6 13. g3 Bh3 14. Kh1 Bxf2 15. Re2 Ba7 16. Qc2 Rad8 17. Rae1 Nge7 18. Ba2 Qg6 19. Qa4 Bd7 20. Qc2 Qh5 21. Qd1 Kh8 22. Bb1 Bg4 23. Rf1 f5 24. Ba2 Bh3 25. Rfe1 f4 0-1

[Event "IECC TH-T email"]
[Site "IECC email"]
[Date "2000.08.03"]
[Round "?"]
[White "Hartmann, Per"]
[Black "Stainer, Joel"]
[Result "1-0"]
[WhiteElo "1585"]
[BlackElo "1467"]
[PlyCount "61"]
[EventDate "2000.??.??"]
[EventType "match (corr)"]
[EventRounds "2"]
[SourceTitle "Corr 2008"]
[Source "ChessBase"]
[SourceDate "2008.06.24"]
[SourceVersion "1"]
[SourceVersionDate "2008.06.24"]
[SourceQuality "1"]

1. e4 e5 2. f4 exf4 3. Nf3 g5 4. Bc4 g4 5. 0-0 d5 6. Bxd5 gxf3 7. Qxf3 c6 8. Qxf4 Nf6 9. Nc3 Qb6+ 10. Kh1 cxd5 11. Qe5+ Qe6 12. Qxf6 Qxf6 13. Rxf6 Bg7 14. Nxd5 Bxf6 15. Nxf6+ Ke7 16. Nd5+ Kd6 17. d4 Be6 18. Bf4+ Kc6 19. Nc7 Na6 20. d5+ Bxd5 21. exd5+ Kc5 22. Nxa8 Rxa8 23. Rd1 Nb4 24. Be3+ Kd6 25. c3 Na6 26. Rf1 Rf8 27. Rf5 Re8 28. Bf4+ Ke7 29. h4 Kf8 30. Bh6+ Ke7 31. Be3 1-0

[Event "IECC CL5-2000.22"]
[Site "IECC email"]
[Date "2000.07.20"]
[Round "?"]
[White "Stainer, Joel"]
[Black "Popp, Tony"]
[Result "1/2-1/2"]
[WhiteElo "1450"]
[BlackElo "1351"]
[PlyCount "93"]
[EventDate "2000.??.??"]
[EventType "tourn (corr)"]
[EventRounds "4"]
[SourceTitle "Corr 2008"]
[Source "ChessBase"]
[SourceDate "2008.06.24"]
[SourceVersion "1"]
[SourceVersionDate "2008.06.24"]
[SourceQuality "1"]

1. d4 e6 2. e4 b6 3. Nc3 c5 4. Bc4 cxd4 5. Qxd4 Nc6 6. Qd1 Bb7 7. Be3 Nf6 8. Nf3 Bb4 9. 0-0 Bxc3 10. bxc3 0-0 11. Bg5 Qc7 12. Bxf6 gxf6 13. Re1 Na5 14. Bd3 Qxc3 15. e5 Bxf3 16. Qxf3 f5 17. Rad1 Nc6 18. Re3 Nxe5 19. Qg3+ Ng6 20. Bxf5 Qb2 21. Bd3 Qxa2 22. h4 Kh8 23. h5 Ne7 24. Qe5+ f6 25. Qd6 Nf5 26. Qxd7 Rad8 27. Qxe6 Qxe6 28. Rxe6 Rf7 29. Rde1 Nd6 30. h6 Rff8 31. Re7 f5 32. Rxa7 Rf7 33. Rxf7 Nxf7 34. Re6 Nd6 35. Rf6 Kg8 36. Bxf5 Nxf5 37. Rxf5 Rd6 38. Kf1 Rxh6 39. Rb5 Rc6 40. c4 Kg7 41. Ke2 Rxc4 42. Rxb6 Rc2+ 43. Kf3 Rc3+ 44. Kg4 Rc2 45. Kg3 Rc3+ 46. f3 Ra3 47. Kg4 1/2-1/2

[Event "IECC Swiss email"]
[Site "IECC email"]
[Date "2000.07.07"]
[Round "?"]
[White "Femmel, Don"]
[Black "Stainer, Joel"]
[Result "1-0"]
[WhiteElo "2126"]
[BlackElo "1514"]
[PlyCount "35"]
[EventDate "2000.??.??"]
[EventType "tourn (corr)"]
[EventRounds "6"]
[SourceTitle "Corr 2008"]
[Source "ChessBase"]
[SourceDate "2008.06.24"]
[SourceVersion "1"]
[SourceVersionDate "2008.06.24"]
[SourceQuality "1"]

1. e4 d5 2. exd5 Nf6 3. d4 Bg4 4. f3 Bf5 5. g4 Bg6 6. c4 e6 7. Qb3 b6 8. dxe6 Qxd4 9. Ne2 Qd6 10. g5 Nh5 11. exf7+ Bxf7 12. Nbc3 c6 13. Ne4 Qe6 14. Bd2 Qxc4 15. Qe3 Qe6 16. Nd4 Qe5 17. f4 Nxf4 18. Qxf4 1-0

[Event "IECC CL5-2000.15"]
[Site "IECC email"]
[Date "2000.05.09"]
[Round "?"]
[White "Stainer, Joel"]
[Black "Cherner, Lyle"]
[Result "0-1"]
[WhiteElo "1539"]
[BlackElo "1209"]
[PlyCount "44"]
[EventDate "2000.??.??"]
[EventType "tourn (corr)"]
[EventRounds "4"]
[SourceTitle "Corr 2008"]
[Source "ChessBase"]
[SourceDate "2008.06.24"]
[SourceVersion "1"]
[SourceVersionDate "2008.06.24"]
[SourceQuality "1"]

1. e4 e6 2. d4 d5 3. e5 c5 4. c3 cxd4 5. cxd4 Nc6 6. Nf3 Qb6 7. a3 Nge7 8. Nbd2 Nxd4 9. Qa4+ Ndc6 10. Be2 Bd7 11. Qf4 Ng6 12. Qg3 Qc7 13. 0-0 Ncxe5 14. Nd4 Bc5 15. N2b3 Bd6 16. Qh3 0-0 17. Rd1 Ba4 18. Bd2 Nc6 19. Rac1 Qb6 20. Be3 Bxb3 21. Nxc6 Bxd1 22. Bxb6 Nf4 0-1

[Event "IECC CL4-2000.07"]
[Site "IECC email"]
[Date "1999.12.19"]
[Round "?"]
[White "Stainer, Joel"]
[Black "Bass, Stanley"]
[Result "0-1"]
[WhiteElo "1558"]
[BlackElo "1794"]
[PlyCount "24"]
[EventDate "2000.??.??"]
[EventType "tourn (corr)"]
[EventRounds "4"]
[SourceTitle "Corr 2008"]
[Source "ChessBase"]
[SourceDate "2008.06.24"]
[SourceVersion "1"]
[SourceVersionDate "2008.06.24"]
[SourceQuality "1"]

1. e4 c5 2. Nf3 Nc6 3. Bb5 a6 4. Bxc6 bxc6 5. 0-0 d6 6. c3 e5 7. d4 cxd4 8. cxd4 f6 9. Nc3 Bg4 10. d5 cxd5 11. Nxd5 Ne7 12. Bd2 Nxd5 0-1

[Event "IECC Y2KO email"]
[Site "IECC email"]
[Date "1999.10.14"]
[Round "?"]
[White "Stainer, Joel"]
[Black "Alvarez Villar, Horacio Nelson"]
[Result "0-1"]
[WhiteElo "1529"]
[BlackElo "2226"]
[PlyCount "46"]
[EventDate "1999.??.??"]
[EventType "tourn (corr)"]
[EventRounds "2"]
[SourceTitle "Corr 2008"]
[Source "ChessBase"]
[SourceDate "2008.06.24"]
[SourceVersion "1"]
[SourceVersionDate "2008.06.24"]
[SourceQuality "1"]

1. e4 e5 2. Nf3 Nc6 3. Bc4 Bc5 4. 0-0 Nf6 5. d4 exd4 6. e5 d5 7. exf6 dxc4 8. Re1+ Be6 9. Ng5 Qd5 10. Nc3 Qf5 11. Nce4 0-0-0 12. g4 Qe5 13. Nxe6 fxe6 14. fxg7 Rhg8 15. Bh6 d3 16. c3 Be7 17. f4 Qd5 18. Qd2 Rd7 19. Re3 Nd8 20. b3 Nf7 21. bxc4 Qc6 22. g5 Nd6 23. Nxd6+ Bxd6 0-1

[Event "IECC CL4-1999.30"]
[Site "IECC email"]
[Date "1999.07.26"]
[Round "?"]
[White "Shim Ng Min, Francis"]
[Black "Stainer, Joel"]
[Result "1-0"]
[WhiteElo "1655"]
[BlackElo "1528"]
[PlyCount "68"]
[EventDate "1999.??.??"]
[EventType "tourn (corr)"]
[EventRounds "4"]
[SourceTitle "Corr 2008"]
[Source "ChessBase"]
[SourceDate "2008.06.24"]
[SourceVersion "1"]
[SourceVersionDate "2008.06.24"]
[SourceQuality "1"]

1. e4 d5 2. exd5 Nf6 3. Bb5+ Bd7 4. Bc4 Bg4 5. f3 Bf5 6. Nc3 Nbd7 7. d3 Nb6 8. Nge2 Nbxd5 9. Nxd5 Nxd5 10. Ng3 Bg6 11. f4 e6 12. 0-0 Bc5+ 13. d4 Bb6 14. c3 Qd7 15. Qf3 0-0-0 16. a4 a5 17. Kh1 f6 18. b3 Qc6 19. Bb2 Ba7 20. Bb5 Qd6 21. Ba3 c5 22. dxc5 Bxc5 23. Bxc5 Qxc5 24. b4 axb4 25. cxb4 Qxb4 26. Rfc1+ Kb8 27. f5 exf5 28. Rab1 Qd2 29. Rd1 Qc2 30. Ba6 Rd7 31. Bxb7 Rxb7 32. Rxb7+ Kxb7 33. Qxd5+ Kb8 34. Qb5+ Kc8 1-0

[Event "IECC CL4-1999.30"]
[Site "IECC email"]
[Date "1999.07.26"]
[Round "?"]
[White "Stainer, Joel"]
[Black "Jobe, Tom B"]
[Result "0-1"]
[WhiteElo "1599"]
[BlackElo "1781"]
[PlyCount "70"]
[EventDate "1999.??.??"]
[EventType "tourn (corr)"]
[EventRounds "4"]
[SourceTitle "Corr 2008"]
[Source "ChessBase"]
[SourceDate "2008.06.24"]
[SourceVersion "1"]
[SourceVersionDate "2008.06.24"]
[SourceQuality "1"]

1. e4 c5 2. Nf3 d6 3. d4 cxd4 4. Qxd4 Nc6 5. Bb5 Bd7 6. Bxc6 Bxc6 7. Nc3 Nf6 8. Bg5 e6 9. 0-0-0 Be7 10. Rhe1 0-0 11. e5 dxe5 12. Qh4 Qc7 13. Nxe5 Rfd8 14. Ng4 Nxg4 15. Bxe7 Rxd1+ 16. Rxd1 Qf4+ 17. Kb1 Qf5 18. f3 Ne3 19. Rd2 h6 20. Re2 Nd5 21. Nxd5 Bxd5 22. Qg3 Rc8 23. Bb4 f6 24. Qd6 Rc6 25. Qb8+ Kh7 26. Qg3 e5 27. h3 a5 28. Bf8 Rc7 29. Qe1 b6 30. Rd2 Bf7 31. Qf2 Qe6 32. b3 a4 33. Rd6 Qc8 34. Bxg7 Kxg7 35. Qxb6 Rxc2 0-1